00494nam a2200157 a 450000100100000000500170001000800410002702000180006804000250008608200160011110000220012724500990014926000310024830000260027950400310030500003457920200930073758.0111010s2007 xxu 000 0 spa d a9780195325454 aDO-SdBNPbengcBNPHU axxxxbC559s1 aChung, Young-Iob.10aSouth Korea in the fast lane :beconomic development and capital formation /cYoung-Iob Chung. aNew York :bOxford,c2007. axiv, 466 p. ;c24 cm. aBibliografía : p.437-454